| 000 | 00504nam a2200169Ia 4500 | ||
|---|---|---|---|
| 999 |
_c21314 _d21314 |
||
| 003 | OSt | ||
| 005 | 20200626144236.0 | ||
| 008 | 190216s9999||||xx |||||||||||||| ||und|| | ||
| 040 | _coclc | ||
| 082 |
_a954.0357 _bPAN/M |
||
| 100 |
_aPanikkar, K N _92601 |
||
| 245 | 0 |
_aMalabar Kalapam: _bPrabhutwathinum Rajavazhchakkumethire / _cK N Panikkar |
|
| 260 |
_bDc Books, _aKottayam: _c2007. |
||
| 300 | _a236p | ||
| 650 | _aHistory | ||
| 942 |
_cBK _2ddc _h954.0357 _iPAN/M _k954.0357 _mPAN/M |
||